00327nam a2200133Ia 4500008004100000040001600041041001200057082001500069100002100084245002700105250001200132260003100144300001800175230917s9999||||xx |||||||||||||| ||und|| e33215aMAIN aEnglish a576.5 S85P aSnustad, D Peter 0aPrinciples of genetics a2nd ed. aNew YorkbJohn Wileyc2000 axviii, 876 p.